Annuaire de Statistiques Regionales 1986

Gespeichert in:
Bibliographische Detailangaben
Format: Buch
Sprache:Französisch
Veröffentlicht: Bruxelles Institut National de Statistique 1986
Schlagworte:
Tags: Tag hinzufügen
Keine Tags, Fügen Sie das erste Tag hinzu!

MARC

LEADER 00000nam a2200000 4500
001 c036742
005 20251216092223.5
041 0 |a fre 
044 |a BE 
245 1 0 |a Annuaire de Statistiques Regionales 1986 
264 1 |a Bruxelles  |b Institut National de Statistique  |c 1986 
300 |a 283 s. 
610 2 0 |a Belgicko 
610 2 0 |a situácia hospodárska